<?xml version="1.0" encoding="UTF-8"?>
<record
    xmlns:xsi="http://www.w3.org/2001/XMLSchema-instance"
    xsi:schemaLocation="http://www.loc.gov/MARC21/slim http://www.loc.gov/standards/marcxml/schema/MARC21slim.xsd"
    xmlns="http://www.loc.gov/MARC21/slim">

  <leader>01847cam a2200265 a 4500</leader>
  <controlfield tag="001">80409</controlfield>
  <controlfield tag="003">BD-RjUL</controlfield>
  <controlfield tag="005">20220922103212.0</controlfield>
  <controlfield tag="008">110801s2010    ii            000 0curd  </controlfield>
  <datafield tag="035" ind1=" " ind2=" ">
    <subfield code="a">(BD-RjUL)80409</subfield>
  </datafield>
  <datafield tag="037" ind1=" " ind2=" ">
    <subfield code="b">Library of Congress -- New Delhi Overseas Office</subfield>
  </datafield>
  <datafield tag="040" ind1=" " ind2=" ">
    <subfield code="a">DLC</subfield>
    <subfield code="c">DLC</subfield>
    <subfield code="d">DLC</subfield>
    <subfield code="b">eng</subfield>
  </datafield>
  <datafield tag="041" ind1=" " ind2=" ">
    <subfield code="a">urd</subfield>
  </datafield>
  <datafield tag="082" ind1=" " ind2=" ">
    <subfield code="2">23</subfield>
    <subfield code="a">954.0088297092</subfield>
    <subfield code="b">NAP 1980</subfield>
  </datafield>
  <datafield tag="100" ind1="1" ind2=" ">
    <subfield code="a">&#x646;&#x62F;&#x648;&#x649;&#x60C; &#x627;&#x628;&#x648;&#x200C;&#x627;&#x644;&#x62D;&#x633;&#x646; &#x639;&#x644;&#x649;   # #  Nadv&#x12B;, Abul&#x1E25;asan &#x2BB;Al&#x12B;,</subfield>
    <subfield code="d">1913-1999.</subfield>
    <subfield code="9">4935</subfield>
  </datafield>
  <datafield tag="245" ind1="1" ind2="0">
    <subfield code="a">&#x67E;&#x631;&#x627;&#x646;&#x6D2; &#x686;&#x631;&#x627;&#x63A; : &#x645;&#x639; &#x62A;&#x6A9;&#x645;&#x644;&#x6C1; &#x633;&#x6CC;&#x646;&#x6D2; &#x6A9;&#x6D2; &#x62F;&#x627;&#x63A;    # #  Pur&#x101;ne cir&#x101;g&#x332;h&#x332; : ma,a   takmilhu sine ke dag /</subfield>
    <subfield code="b">&#x645;&#x639;&#x627;&#x635;&#x631; &#x634;&#x62E;&#x635;&#x64A;&#x62A;&#x648;&#x6BA;&#x60C; &#x628;&#x632;&#x631;&#x6AF;&#x648;&#x6BA;&#x60C; &#x627;&#x633;&#x62A;&#x627;&#x62F;&#x648;&#x6BA;&#x60C; &#x627;&#x648;&#x631; &#x62F;&#x648;&#x633;&#x62A;&#x648;&#x6BA; &#x633;&#x6D2; &#x645;&#x62A;&#x639;&#x644;&#x651;&#x642; &#x62A;&#x639;&#x627;&#x631;&#x641;&#x649; &#x645;&#x636;&#x627;&#x645;&#x64A;&#x646;&#x60C; &#x62A;&#x623;&#x62B;&#x651;&#x631;&#x627;&#x62A;&#x60C; &#x645;&#x634;&#x627;&#x647;&#x62F;&#x627;&#x62A; &#x648; &#x648;&#x627;&#x642;&#x639;&#x627;&#x62A; &#x627;&#x648;&#x631; &#x645;&#x639;&#x644;&#x648;&#x645;&#x627;&#x62A; &#x6A9;&#x627; &#x62F;&#x644;&#x686;&#x633;&#x67E; &#x645;&#x62C;&#x645;&#x648;&#x639;&#x647; / /&#x200F;     # #    bmu&#x2BB;&#x101;&#x1E63;ir shak&#x332;h&#x332;&#x1E63;iyataun&#x332;, buzurgaun&#x332;, ust&#x101;daun&#x332;, aur dostaun&#x332; se muta&#x2BB;alliq ta&#x2BB;&#x101;ruf&#x12B; maz&#x324;&#x101;m&#x12B;n, ta&#x2BC;as&#x332;s&#x332;ur&#x101;t, mush&#x101;hid&#x101;t va v&#x101;qi&#x2BB;&#x101;t aur ma&#x2BB;l&#x16B;m&#x101;t k&#x101; dilcasp majm&#x16B;&#x2BB;ah / /</subfield>
    <subfield code="c">Abul Hasan &#x2BB;Al&#x12B; Nadv&#x12B;</subfield>
  </datafield>
  <datafield tag="260" ind1=" " ind2=" ">
    <subfield code="a">&#x644;&#x6A9;&#x6BE;&#x646;&#x624; :&#x200F;  # #    Lakhna&#x2BC;&#x16B; :</subfield>
    <subfield code="b"> &#x645;&#x6A9;&#x62A;&#x628;&#x6C0; &#x641;&#x631;&#x62F;&#x648;&#x633;     # #  Maktabah-yi Firdaus ,</subfield>
    <subfield code="c">1980</subfield>
  </datafield>
  <datafield tag="300" ind1=" " ind2=" ">
    <subfield code="a">3 v. ;</subfield>
    <subfield code="c">23 cm.</subfield>
  </datafield>
  <datafield tag="505" ind1=" " ind2=" ">
    <subfield code="a">V- 2. &#x645;&#x639;&#x627;&#x635;&#x631; &#x634;&#x62E;&#x635;&#x64A;&#x62A;&#x648;&#x6BA;&#x60C; &#x628;&#x632;&#x631;&#x6AF;&#x648;&#x6BA;&#x60C; &#x627;&#x633;&#x62A;&#x627;&#x62F;&#x648;&#x6BA;&#x60C; &#x627;&#x648;&#x631; &#x62F;&#x648;&#x633;&#x62A;&#x648;&#x6BA; &#x633;&#x6D2; &#x645;&#x62A;&#x639;&#x644;&#x651;&#x642; &#x62A;&#x639;&#x627;&#x631;&#x641;&#x649; &#x645;&#x636;&#x627;&#x645;&#x64A;&#x646;&#x60C; &#x62A;&#x623;&#x62B;&#x651;&#x631;&#x627;&#x62A;&#x60C; &#x645;&#x634;&#x627;&#x647;&#x62F;&#x627;&#x62A; &#x648; &#x648;&#x627;&#x642;&#x639;&#x627;&#x62A; &#x627;&#x648;&#x631; &#x645;&#x639;&#x644;&#x648;&#x645;&#x627;&#x62A; &#x6A9;&#x627;</subfield>
  </datafield>
  <datafield tag="505" ind1=" " ind2=" ">
    <subfield code="a">  bmu&#x2BB;&#x101;&#x1E63;ir shak&#x332;h&#x332;&#x1E63;iyataun&#x332;, buzurgaun&#x332;, ust&#x101;daun&#x332;, aur dostaun&#x332; se muta&#x2BB;alliq ta&#x2BB;&#x101;ruf&#x12B; maz&#x324;&#x101;m&#x12B;n, ta&#x2BC;as&#x332;s&#x332;ur&#x101;t, mush&#x101;hid&#x101;t va v&#x101;qi&#x2BB;&#x101;t aur ma&#x2BB;l&#x16B;m&#x101;t k&#x101; dilcasp majm&#x16B;&#x2BB;ah / /</subfield>
  </datafield>
  <datafield tag="520" ind1=" " ind2=" ">
    <subfield code="a">Brief biography of selected Muslim scholars from India.</subfield>
  </datafield>
  <datafield tag="650" ind1=" " ind2="0">
    <subfield code="a">Muslims</subfield>
    <subfield code="z">India</subfield>
    <subfield code="v">Biography.</subfield>
    <subfield code="9">4936</subfield>
  </datafield>
  <datafield tag="942" ind1=" " ind2=" ">
    <subfield code="2">ddc</subfield>
    <subfield code="c">BK</subfield>
  </datafield>
  <datafield tag="999" ind1=" " ind2=" ">
    <subfield code="c">80409</subfield>
    <subfield code="d">80409</subfield>
  </datafield>
  <datafield tag="952" ind1=" " ind2=" ">
    <subfield code="0">0</subfield>
    <subfield code="1">0</subfield>
    <subfield code="2">ddc</subfield>
    <subfield code="4">0</subfield>
    <subfield code="7">1</subfield>
    <subfield code="8">NFIC</subfield>
    <subfield code="a">RUCL</subfield>
    <subfield code="b">RUCL</subfield>
    <subfield code="c">Reading</subfield>
    <subfield code="d">1982-08-24</subfield>
    <subfield code="e">India International , Calcatta</subfield>
    <subfield code="g">25.00</subfield>
    <subfield code="o">U 954.0088297092 NAP V-2 1980</subfield>
    <subfield code="r">2022-09-22 00:00:00</subfield>
    <subfield code="t">C-1</subfield>
    <subfield code="y">BK</subfield>
  </datafield>
  <datafield tag="952" ind1=" " ind2=" ">
    <subfield code="0">0</subfield>
    <subfield code="1">0</subfield>
    <subfield code="2">ddc</subfield>
    <subfield code="4">0</subfield>
    <subfield code="7">1</subfield>
    <subfield code="8">NFIC</subfield>
    <subfield code="a">RUCL</subfield>
    <subfield code="b">RUCL</subfield>
    <subfield code="c">Reading</subfield>
    <subfield code="d">2025-07-30</subfield>
    <subfield code="l">0</subfield>
    <subfield code="o">U 954.0088297092 NAP V-1  1980</subfield>
    <subfield code="r">2025-07-30 00:00:00</subfield>
    <subfield code="t">C-1</subfield>
    <subfield code="w">2025-07-30</subfield>
    <subfield code="y">BK</subfield>
  </datafield>
</record>
